000 00858nam a2200289Ia 4500
003 GCL
008 140319s9999 xx 000 0 ara d
040 _aGCL /
_cGCL
082 0 4 _a370.78
_bح ب
100 1 _aحافظ فرج احمد
245 1 0 _aبحوث ودراسات تربوية /
_cحافظ فرج احمد
260 _a[S.N] :
_bمكتبة الانجلوالامريكية ،
_c1987
300 _a383 ص
490 _a
650 0 4 _aطرق البحث
650 0 4 _aالتعليم
650 0 4 _aالتربية
650 0 4 _aتعليم الاطفال
650 0 4 _aالتعليم الاساسى
650 0 4 _aالتعليم الثانوى
650 0 4 _aالتدريس
650 0 4 _aالمدارس
650 0 4 _aالبحث
650 0 4 _aالبحوث التربوية
650 0 4 _aالتعليم الريفى
942 _2ddc
_cBK
999 _c29578
_d29578